| Tag |
First Indicator |
Second Indicator |
Subfields |
| LEADER |
00000nam a2200000 4500 |
| 001 |
in00004193821 |
| 005 |
20200806082046.0 |
| 006 |
m g d |
| 007 |
cr bn |||a|bb| |
| 008 |
980325s1663 enk o 00 eng d |
| 035 |
|
|
|a (UnM)99887056
|
| 037 |
|
|
|a CL2105000002
|b ProQuest Information and Learning. 300 N. Zeeb Rd., Ann Arbor, MI 48106
|
| 040 |
|
|
|a Cu-RivES
|c Cu-RivES
|e dcrb
|
| 100 |
1 |
|
|a Griffin, Lewis.
|
| 245 |
1 |
2 |
|a Rules of life: :
|b being good wishes to the clergy and laiety; for whose use the Asse's complaint was written. /
|c By Lewis Griffin.
|
| 260 |
|
|
|a London :
|b Printed for Henry Marsh at the Princes Armes in Chancery-Lane,
|c 1663.
|
| 300 |
|
|
|a 1 online resource ([1+] pages)
|
| 336 |
|
|
|a text
|b txt
|2 rdacontent
|
| 337 |
|
|
|a computer
|b c
|2 rdamedia
|
| 338 |
|
|
|a online resource
|b cr
|2 rdacarrier
|
| 500 |
|
|
|a Format from Wing CD-ROM.
|
| 500 |
|
|
|a The Asse's complaint is also by Lewis Griffin.
|
| 500 |
|
|
|a A fragment; title page only.
|
| 500 |
|
|
|a Reproduction of original in the British Library.
|
| 510 |
4 |
|
|a Wing (CD-ROM, 1996)
|c G1983
|
| 510 |
4 |
|
|a Early English books tract supplement interim guide
|c Harl. 5919[349]
|
| 533 |
|
|
|a Electronic reproduction.
|b Ann Arbor, Mich. :
|c UMI,
|d 1999-
|f (Early English books online)
|n Digital version of: (Early English books; Tract supplement ; E1:1[252d])
|7 s1999 miun s
|
| 650 |
|
0 |
|a Clergy
|v Humor
|v Early works to 1800.
|
| 650 |
|
0 |
|a Political satire, English
|v Poetry
|v Early works to 1800.
|
| 655 |
|
0 |
|a Title pages
|z England
|y 17th cent.
|
| 830 |
|
0 |
|a Early English books online.
|
| 856 |
4 |
0 |
|u http://proxy.library.tamu.edu/login?url=https://search.proquest.com/docview/2240889054
|z Connect to the full text of this electronic book
|t 0
|
| 999 |
f |
f |
|s 222acb73-e8c7-30c0-a211-37bdf6ef9245
|i f942e292-b973-38fc-bcf8-7cc607e41405
|t 0
|
| 952 |
f |
f |
|a Texas A&M University
|b College Station
|c Electronic Resources
|d Available Online
|t 0
|h No information provided
|
| 998 |
f |
f |
|t 0
|l Available Online
|